20 Most Cultured U.S. Cities - Statistics

General Stats
  • This quiz has been taken 84 times
  • The average score is 14 of 20
Answer Stats
City Contribution % Correct
Los Angeles The Broad
97%
New York City MoMa
97%
San Francisco Three Gems
93%
Chicago Steppenwolf Theatre
91%
Houston Cactus Music
87%
Philadelphia Curtis Institute of Music
87%
Washington D.C. Kennedy Center
87%
Boston Handel And Haydn Society
84%
Seattle Elliot Bay Book Company
84%
Dallas Nasher Sculpture Center
83%
New Orleans Jazz in the Park
80%
Atlanta High Museum of Art
74%
Pittsburgh Art Space 616
66%
Nashville Bluebird Cafe
63%
Minneapolis/St. Paul Walker Art Center
59%
Cleveland Severance Hall
54%
Kansas City American Jazz Museum
49%
Charleston Boone Hall
37%
Providence AS220
34%
Louisville The Monkey Wrench
33%
No matching quizzes found
Score Distribution
Percent of People with Each Score
Percentile by Number Answered
Your Score History
You have not taken this quiz